Le gouvernement temporel des papes jugé par la diplomatie française: (Record no. 154701)

MARC details
000 -LEADER
campo de control de longitud fija 00667nam a2200193 i 4500
001 - NÚMERO DE CONTROL
campo de control 154701
003 - IDENTIFICADOR DE NÚMERO DE CONTROL
campo de control ES-MaACL
005 - FECHA Y HORA DE LA ÚLTIMA TRANSACCIÓN
campo de control 20230906205825.0
008 - DATOS DE LONGITUD FIJA--INFORMACIÓN GENERAL
campo de control de longitud fija 981221s1862 fr |||| | fre d
245 03 - MENCIÓN DEL TÍTULO
Título Le gouvernement temporel des papes jugé par la diplomatie française:
Resto del título recueil de documents /
Mención de responsabilidad, etc. par M. Em. Hubaine.
250 ## - MENCION DE EDICION
Mención de edición Deuxième édition.
260 ## - PUBLICACIÓN, DISTRIBUCIÓN, ETC.
Lugar de publicación, distribución, etc. Paris :
Nombre del editor, distribuidor, etc. E. Dentu,
Fecha de publicación, distribución, etc. 1862 (
Fabricante Imp. de L. Tinterlin et Cie.)
300 ## - DESCRIPCIÓN FÍSICA
Extensión VIII, 152 p. ;
Dimensiones 25 cm.
597 ## - NOTA DE DESCRIPCIÓN FÍSICA
NOTA DE DESCRIPCIÓN FÍSICA Antep.
650 #4 - PUNTO DE ACCESO ADICIONAL DE MATERIA--TÉRMINO DE MATERIA
Término de materia o nombre geográfico como elemento de entrada Papas-
Subdivisión general Poder temporal.
9 (RLIN) 153316
650 #4 - PUNTO DE ACCESO ADICIONAL DE MATERIA--TÉRMINO DE MATERIA
Término de materia o nombre geográfico como elemento de entrada Cuestión romana.
9 (RLIN) 149871
700 1# - ENTRADA AGREGADA--NOMBRE PERSONAL
Nombre de persona Hubaine, Émile.
9 (RLIN) 171074
852 ## - LOCALIZACIÓN
Ubicación ES-MaACL
Número de control de estantería G-9971
Nota libre - Enc. hol.
Holdings
Estatus retirado Estado de pérdida Estado de daño No para préstamo Colección Biblioteca de origen Biblioteca actual Ubicación en estantería Fecha de adquisición Fuente de adquisición Total de préstamos Signatura topográfica completa Código de barras Visto por última vez Precio de reemplazo Tipo de ítem Koha
        Libros del s. XIX Biblioteca del Ateneo de Madrid Biblioteca del Ateneo de Madrid Sala Pecera Planta 3 17/01/2008     G-9971 1161807 23/02/2023 23/02/2023 Libro impreso antiguo